Execración contra los judíos / (Record no. 12542)

MARC details
000 -LEADER
campo de control de longitud fija 00956nam a2200277 i 4500
001 - NÚMERO DE CONTROL
campo de control 12542
003 - IDENTIFICADOR DE NÚMERO DE CONTROL
campo de control ES-MaACL
005 - FECHA Y HORA DE LA ÚLTIMA TRANSACCIÓN
campo de control 20240523063018.0
007 - CAMPO FIJO DE DESCRIPCIÓN FÍSICA--INFORMACIÓN GENERAL
campo de control de longitud fija t|
008 - DATOS DE LONGITUD FIJA--INFORMACIÓN GENERAL
campo de control de longitud fija 960909s1996 sp ||||0| spa j
020 ## - NÚMERO INTERNACIONAL ESTÁNDAR DEL LIBRO
Número Internacional Estándar del Libro 84-7423-735-1
040 ## - FUENTE DE CATALOGACIÓN
Centro catalogador/agencia de origen M-BN
Lengua de catalogación spa
Centro/agencia transcriptor M-BN
080 ## - NÚMERO DE LA CLASIFICACIÓN DECIMAL UNIVERSAL
Número de la Clasificación Decimal Universal 860-5"16"
080 ## - NÚMERO DE LA CLASIFICACIÓN DECIMAL UNIVERSAL
Número de la Clasificación Decimal Universal 323.12(=924:460)"16"
100 1# - ENTRADA PRINCIPAL--NOMBRE DE PERSONA
Nombre de persona Quevedo, Francisco de,
Fechas asociadas al nombre 1580-1645
9 (RLIN) 94591
245 10 - MENCIÓN DEL TÍTULO
Título Execración contra los judíos /
Mención de responsabilidad, etc. Francisco de Quevedo ; edición de Fernando Cabo Aseguinolaza y Santiago Fernández Mosquera.
260 ## - PUBLICACIÓN, DISTRIBUCIÓN, ETC.
Lugar de publicación, distribución, etc. Barcelona :
Nombre del editor, distribuidor, etc. Crítica,
Fecha de publicación, distribución, etc. [1996]
300 ## - DESCRIPCIÓN FÍSICA
Extensión LIX, 55 p ;
Dimensiones 24 cm.
490 1# - MENCIÓN DE SERIE
Mención de serie Anejos de Biblioteca clásica
650 14 - PUNTO DE ACCESO ADICIONAL DE MATERIA--TÉRMINO DE MATERIA
Término de materia o nombre geográfico como elemento de entrada Antisemitismo-
Subdivisión geográfica España-
Subdivisión cronológica S.XVII.
9 (RLIN) 9862
700 1# - ENTRADA AGREGADA--NOMBRE PERSONAL
Nombre de persona Cabo Aseguinolaza, Fernando.
9 (RLIN) 33234
700 1# - ENTRADA AGREGADA--NOMBRE PERSONAL
Nombre de persona Fernández Mosquera, Santiago.
9 (RLIN) 49944
830 0# - PUNTO DE ACCESO ADICIONAL DE SERIE-TÍTULO UNIFORME
Título uniforme Anejos de Biblioteca clásica
9 (RLIN) 228309
852 ## - LOCALIZACIÓN
Ubicación ES-MaACL
Número de control de estantería L-19886
Sublocalización o colección R.125290
Holdings
Estatus retirado Estado de pérdida Estado de daño No para préstamo Biblioteca de origen Biblioteca actual Ubicación en estantería Fecha de adquisición Fuente de adquisición Total de préstamos Signatura topográfica completa Código de barras Visto por última vez Precio de reemplazo Tipo de ítem Koha
        Biblioteca del Ateneo de Madrid Biblioteca del Ateneo de Madrid Depósito 2 17/01/2008     L-19886 1012778 23/02/2023 23/02/2023 Libro impreso